Fazerin suklaalevyt - Statistics

Yleistilastot
  • Tätä visaa on pelattu 79 kertaa
  • Keskiarvotulos 8 / 22
Vastaustilastot
Hint Vastaus % Oikein
13. vaalea maitosuklaa
90%
16. maitosuklaa
86%
4. lontoon rae
70%
20. kokonainen hasselpähkinä tumma suklaa
68%
15. tummasuklaa
66%
10. kokonainen hasselpähkinä
58%
5. dumle
48%
21. avec
38%
2. marianne
32%
1. tutti frutti
31%
7. rouhea keksi
30%
9. ässä mix
28%
17. domino
28%
11. vadelma ja lakritsi
24%
18. vadelmajogurtti
23%
8. suolainen toffeekrokantti
20%
14. piparkakku
15%
6. hasselpähkinärouhe
11%
3. pretzel
6%
19. mansikka ja vanilija
4%
22. suffeli riisipuffi
3%
12. mustikkajogurtticrisp
1%
Ehtoja vastaavia visoja ei löytynyt
Tulosjakauma
Jokaisen tuloksen saaneiden osuus
Persentiili vastausten määrän mukaan
Tuloshistoriasi
Et ole pelannut tätä visaa